00792nam a2200193 a 450000500170000000800410001702000180005805000310007624500330010725000220014026000510016230000100021344000350022365000320025865000410029099900190033195201240035095201240047420140412111356.0051104s19uu xx 00 eng d a0-02-683881-8 aTR(GS 372.4bA1 L.1-B.2(c) aChallenge (orange), L.1-B.2. aTeacher's Edition aColumbus, Ohio :bSRA/McGraw-Hill Comp,c2000. a59 p. aSRA open court reading, Orange aReadingxStudy and teaching aEnglish languagexStudy and teaching c105412d105412 00104050aELbELcTRd2005-11-04eDonationl0oTR(GS 372.4 A1 L.1-B.2(c)pE10089r2014-04-12 00:00:00w2014-04-12yBK 00104050aELbELcTRd2005-11-04eDonationl0oTR(GS 372.4 A1 L.1-B.2(c)pE10090r2014-04-12 00:00:00w2014-04-12yBK